Statistics for Things That Are Yellow!

Click here to take the quiz!

General Stats

  • This quiz has been taken 16 times
  • The average score is 7 of 8

Answer Stats

Answer% Correct
Apple
94%
Banana
94%
Bee
94%
Pencil
88%
Pineapple
88%
Lemon
81%
Mango
81%
Sunflower
81%

Score Distribution

Percentile by Number Answered

Percent of People with Each Score

Your Score History

You have not taken this quiz